La intervención francesa en México según el archivo del Mariscal Bazaine (Record no. 31984)

MARC details
000 -CABECERA
campo de control de longitud fija 01109nam a2200253 a 4500
003 - IDENTIFICADOR DEL NÚMERO DE CONTROL
campo de control MX-MxUPN
005 - FECHA Y HORA DE LA ÚLTIMA TRANSACCIÓN
campo de control 20240413063725.0
008 - ELEMENTOS DE LONGITUD FIJA--INFORMACIÓN GENERAL
campo de control de longitud fija 991125m19071910mx r 000 0 spa d
035 ## - NÚMERO DE CONTROL DEL SISTEMA
Número de control de sistema UPN01000031984
040 ## - FUENTE DE LA CATALOGACIÓN
Centro catalogador/agencia de origen MX-MxUPN
Lengua de catalogación spa
Centro/agencia transcriptor MX-MxUPN
041 0# - CÓDIGO DE IDIOMA
Código de lengua del texto/banda sonora o título independiente spa
050 #4 - SIGNATURA TOPOGRÁFICA DE LA BIBLIOTECA DEL CONGRESO
Número de clasificación F1233 I5.4
245 03 - MENCIÓN DE TÍTULO
Título La intervención francesa en México según el archivo del Mariscal Bazaine
260 ## - PUBLICACIÓN, DISTRIBUCIÓN, ETC.
Lugar de publicación, distribución, etc. México :
Nombre del editor, distribuidor, etc. Librería de la Vda. de Ch. Bouret,
Fecha de publicación, distribución, etc. 1907-1910
300 ## - DESCRIPCIÓN FÍSICA
Extensión 10 volúmenes
490 0# - MENCIÓN DE SERIE
Mención de serie Documentos inéditos ó muy raros para la historia de México ;
Designación de volumen o secuencia 14, 16-18, 20, 24, 26, 27, 30, 33
500 ## - NOTA GENERAL
Nota general Los 10 volúmenes tienen ex libris de P.B. Molina, sellos de la Biblioteca Ancona Horruytiner y sellos del Museo Pedagógico Nacional.
500 ## - NOTA GENERAL
Nota general Texto en español y francés
651 #4 - ASIENTO SECUNDARIO DE MATERIA - NOMBRE GEOGRAFICO
Nombre geográfico México
Subdivisión general Historia
Subdivisión cronológica Intervención y Segundo Imperio, 1861-1867
9 (RLIN) 10588
700 0# - ASIENTO SECUNDARIO--NOMBRE DE PERSONAL
Nombre de persona P.B. Molina
9 (RLIN) 51433
Término indicativo de función/relación propietario anterior
710 2# - ASIENTO SECUNDARIO - NOMBRE CORPORATIVO
Nombre de entidad corporativa o nombre de jurisdicción como elemento de entrada Biblioteca Ancona Horruytiner
9 (RLIN) 51429
Término indicativo de función/relación propietario anterior
710 2# - ASIENTO SECUNDARIO - NOMBRE CORPORATIVO
Nombre de entidad corporativa o nombre de jurisdicción como elemento de entrada Museo Pedagógico Nacional (México)
9 (RLIN) 51335
Término indicativo de función/relación propietario anterior
942 ## - ELEMENTOS DE PUNTO DE ACCESO ADICIONAL (KOHA)
Fuente del sistema de clasificación o colocación Library of Congress Classification
Tipo de ítem Koha Libro
Holdings
Estado de retiro Estado de pérdida Fuente del sistema de clasificación o colocación Estado dañado No para préstamo Código de colección Localización permanente Ubicación/localización actual Ubicación en estantería Fecha de adquisición Enumeración/cronología de publicación seriada Clasificación Código de barras Fecha visto por última vez Tipo de ítem Koha Total de préstamos Precio válido a partir de
    Library of Congress Classification   Disponible (Previa cita) Fondo Reservado de libros Bib. Gregorio Torres Quintero Bib. Gregorio Torres Quintero Sala de Fondos Reservados Planta alta 07/11/2022 v. 3 F1233 I5.4 21371 31/12/2020 Libro    
    Library of Congress Classification   Disponible (Previa cita) Fondo Reservado de libros Bib. Gregorio Torres Quintero Bib. Gregorio Torres Quintero Sala de Fondos Reservados Planta alta 07/11/2022 v. 10 F1233 I5.4 21284 31/12/2020 Libro    
    Library of Congress Classification   Disponible (Previa cita) Fondo Reservado de libros Bib. Gregorio Torres Quintero Bib. Gregorio Torres Quintero Sala de Fondos Reservados Planta alta 07/11/2022 v. 1 F1233 I5.4 21372 31/12/2020 Libro    
    Library of Congress Classification   Disponible (Previa cita) Fondo Reservado de libros Bib. Gregorio Torres Quintero Bib. Gregorio Torres Quintero Sala de Fondos Reservados Planta alta 07/11/2022 v. 4 F1233 I5.4 21370 31/12/2020 Libro    
    Library of Congress Classification   Disponible (Previa cita) Fondo Reservado de libros Bib. Gregorio Torres Quintero Bib. Gregorio Torres Quintero Sala de Fondos Reservados Planta alta 07/11/2022 v. 5 F1233 I5.4 21369 31/12/2020 Libro    
    Library of Congress Classification   Disponible (Previa cita) Fondo Reservado de libros Bib. Gregorio Torres Quintero Bib. Gregorio Torres Quintero Sala de Fondos Reservados Planta alta 07/11/2022 v. 7 F1233 I5.4 21367 31/12/2020 Libro    
    Library of Congress Classification   Disponible (Previa cita) Fondo Reservado de libros Bib. Gregorio Torres Quintero Bib. Gregorio Torres Quintero Sala de Fondos Reservados Planta alta 07/11/2022 v. 6 F1233 I5.4 21368 31/12/2020 Libro    
    Library of Congress Classification   Disponible (Previa cita) Fondo Reservado de libros Bib. Gregorio Torres Quintero Bib. Gregorio Torres Quintero Sala de Fondos Reservados Planta alta 07/11/2022 v. 8 F1233 I5.4 21366 31/12/2020 Libro    
    Library of Congress Classification   Disponible (Previa cita) Fondo Reservado de libros Bib. Gregorio Torres Quintero Bib. Gregorio Torres Quintero Sala de Fondos Reservados Planta alta 07/11/2022 v. 9 F1233 I5.4 21365 31/12/2020 Libro    
    Library of Congress Classification   Disponible (Previa cita) Fondo Reservado de libros Bib. Gregorio Torres Quintero Bib. Gregorio Torres Quintero Sala de Fondos Reservados Planta alta 28/11/2024 v.2 F1233 I5.4 340511 28/11/2024 Libro   28/11/2024